| 000 | 00787nam a2200241 a 4500 | ||
|---|---|---|---|
| 005 | 20210219160542.0 | ||
| 008 | 081110s2001 mx r 000 0 spa d | ||
| 035 | _aUPN01000167806 | ||
| 049 | _aUNE | ||
| 080 | _a37. 018. 8 :373.3/.4 (100) =20 SIN | ||
| 100 | 1 | _aSiniscalco, María Teresa. | |
| 245 | 1 | 0 |
_aAchieving education for all: Demographic challenges : _bThematic studies / _cMaría Teresa Siniscalco. |
| 260 |
_aParis : _bUNESCO, _c2001. |
||
| 300 |
_a40 p. ; _bil. |
||
| 440 | 0 | _a(ed.2001/WS/19) | |
| 500 | _aEFA 2000 Assessment. | ||
| 500 | _aIncluye bibliografía. | ||
| 690 | _aEnseñanza primaria | ||
| 690 | _aEducación universal | ||
| 710 | 2 | _aUNESCO | |
| 711 | 2 | _aForo Mundial sobre la Educación, Dakar, Senegal, 26-28 de abril de 2000. | |
| 905 | _aUNESCO | ||
| 999 |
_c139917 _d139917 |
||